Tough times ahead or business as usual (Record no. 75653)

MARC details
000 -LEADER
fixed length control field 00722cab a2200181 4500
001 - CONTROL NUMBER
control field L130495
008 - FIXED-LENGTH DATA ELEMENTS--GENERAL INFORMATION
fixed length control field 050804n2005 000 0 eng u
035 ## - SYSTEM CONTROL NUMBER
System control number (Sirsi) u130495
041 ## - LANGUAGE CODE
Language code of text/sound track or separate title eng
100 ## - MAIN ENTRY--PERSONAL NAME
Personal name Hiddleston, Kathryn
245 ## - TITLE STATEMENT
Title Tough times ahead or business as usual
260 ## - PUBLICATION, DISTRIBUTION, ETC.
Date of publication, distribution, etc. 2005
490 ## - SERIES STATEMENT
Series statement Contract Journal
Volume/sequential designation 429(6534) 20 July 2005, 26-29(4)
520 ## - SUMMARY, ETC.
Summary, etc. Looks at the results of the fourth "Contract Journal" and Grant Thornton business confidence survey. Concludes that optimism about the state of the UK economy and the future of business prospects is low at present but not as severe as 2001. Graphs.
590 ## - LOCAL NOTE (RLIN)
Local note IKA160805
690 ## - LOCAL SUBJECT ADDED ENTRY--TOPICAL TERM (OCLC, RLIN)
Topical term or geographic name as entry element BUILT ENVIRONMENT-CONSTRUCTION MARKET
942 ## - ADDED ENTRY ELEMENTS (KOHA)
Suppress in OPAC 0
Holdings
Withdrawn status Lost status Source of classification or shelving scheme Damaged status Not for loan Home library Current library Shelving location Date acquired Total Checkouts Full call number Barcode Date last seen Copy number Price effective from Koha item type
    Dewey Decimal Classification     London London Journal article 04/08/2005   L130495 130495-1001 06/08/2019 1 06/08/2019 Journal article